000 00781nam a22002891 4500
001 15805
003 BD-RjUL
005 20211208235905.0
008 140210s1958 nyua b 001 0 eng
035 _a(BD-RjUL)15860
040 _aDLC
_cDLC
_dBD-RjUL
_beng
041 _aeng
082 0 0 _a658
_bALM 1958
_223
100 1 _aAllen, Louis A.
_949014
245 1 4 _aThe management profession /
_cLouis A. Allen.
260 _aNew York :
_bMcGraw-Hill,
_cc1958
260 _cc1964
300 _axii, 353 p. :
_bdiagrs. ;
_c23 cm.
300 _a375 p. :
490 0 _aMcGraw-Hill series in management
500 _aIncludes index.
504 _aBibliography: p. 347-350.
650 0 _aManagement.
_949015
942 _2ddc
_cBK
999 _c15805
_d15805